| 000 | 00984nam a2200265 a 4500 | ||
|---|---|---|---|
| 001 | BRL_938 | ||
| 005 | 20190320210948.0 | ||
| 008 | 251013s1979----u--a######---#000-0#spa-# | ||
| 020 | _a087358208X | ||
| 041 | _aspaengger | ||
| 044 | _au | ||
| 050 | 4 |
_aN8065 _b.M66 1979 |
|
| 100 | 1 |
_aMonthan, Guy _925378 |
|
| 245 | 1 | 0 |
_aNacimientos _bnativity scenes by Southwest Indian artisans = Weihnachtskrippen von indianischen Kunsthandwerkern des Südwestens = Nacimientos hechos por artistas indios del Suroeste _cby Guy and Doris Monthan. |
| 260 |
_aFlagstaff, Arizona _bNorthland Press _c1979 |
||
| 300 |
_axiv, 93 p. _bil. _c23 cm. |
||
| 500 | _aAu1028 | ||
| 504 | _aBibliografía: p. 91-92 | ||
| 650 | 1 | 4 |
_aNacimiento (escenas de Natividad) _zSuroeste de Nuevo México _925379 |
| 650 | 1 | 4 |
_aSantos en el arte _zSuroeste de Nuevo México _925380 |
| 650 | 1 | 4 |
_aCerámica indígena _zSuroeste de Nuevo México _925381 |
| 700 | 1 |
_aMonthan, Doris _925382 |
|
| 902 | _aGRL | ||
| 942 |
_2lcc _cB |
||
| 999 |
_c9750 _d9750 |
||